[Event "XXV Festival Conca della Presolana A"]
[Site "Bratto - Castione della Presolana ITA"]
[Date "2005.08.25"]
[Round "6"]
[White "Ricci, Marco"]
[Black "Gardi, Giuseppe"]
[Result "1/2-1/2"]
[WhiteElo "2147"]
[BlackElo "2099"]
[PlyCount "80"]
[EventDate "2005.08.20"]

1. e4 g6 2. d4 Bg7 3. Nc3 c6 4. Nf3 d6 5. h3 Nd7 6. Be3 e5 7. Qd2 Ngf6 8. O-O-O
O-O 9. Bh6 Qc7 10. Be2 Re8 11. Bxg7 Kxg7 12. dxe5 dxe5 13. g4 Nc5 14. Qe3 Ne6
15. Ne1 b5 16. g5 Nd7 17. Nd3 a5 18. h4 a4 19. a3 Qa7 20. Qg3 Qc7 21. Qe3 Qa7
22. Qg3 Qc7 23. h5 Nf4 24. hxg6 fxg6 25. Nxf4 exf4 26. Qh3 Nf8 27. Bg4 Bxg4 28.
Qxg4 b4 29. axb4 a3 30. bxa3 Rxa3 31. Rh3 Ra1+ 32. Kd2 Rd8+ 33. Rd3 Rxd1+ 34.
Qxd1 Rxd3+ 35. cxd3 Qb6 36. Qf3 Qxb4 37. Kc2 Ne6 38. Ne2 Qc5+ 39. Kd2 Qxg5 40.
d4 Qa5+ 1/2-1/2

[Event "XXV Festival Conca della Presolana A"]
[Site "Bratto - Castione della Presolana ITA"]
[Date "2005.08.25"]
[Round "6"]
[White "Rigo, Gianfrancesco"]
[Black "Pieri, Enzo"]
[Result "1-0"]
[WhiteElo "2031"]
[BlackElo "1959"]
[PlyCount "83"]
[EventDate "2005.08.20"]

1. e4 c5 2. Nf3 d6 3. d4 cxd4 4. Nxd4 Nf6 5. Nc3 a6 6. Bc4 e6 7. Bb3 Be7 8. Be3
Nbd7 9. Bxe6 Nc5 10. Bxc8 Rxc8 11. f3 O-O 12. Nf5 Re8 13. O-O Bf8 14. Qd2 Qc7
15. Rad1 Re6 16. g4 Qa5 17. Nd4 Ree8 18. a3 Ne6 19. Nf5 Rc6 20. Qf2 Qd8 21. Nd5
Nd7 22. Kh1 Ne5 23. b3 Qc8 24. Rd2 Ng6 25. Rg1 Nc7 26. Nb6 Qe6 27. Nd4 Qe5 28.
Nxc6 bxc6 29. Nc4 Qe6 30. Bb6 Na8 31. Bd4 d5 32. exd5 cxd5 33. Ne3 Bd6 34. Re1
Nf4 35. Ng2 Qd7 36. Rxe8+ Qxe8 37. Nxf4 Bxf4 38. Re2 Qc6 39. Qe1 Nc7 40. Qc3
Qb5 41. Qd3 Qc6 42. Qf5 1-0

[Event "XXV Festival Conca della Presolana A"]
[Site "Bratto - Castione della Presolana ITA"]
[Date "2005.08.25"]
[Round "6"]
[White "Rombaldoni, Denis"]
[Black "Shytaj, Carlo"]
[Result "0-1"]
[WhiteElo "2327"]
[BlackElo "2212"]
[PlyCount "116"]
[EventDate "2005.08.20"]

1. d4 Nf6 2. c4 e6 3. Nf3 c5 4. d5 b5 5. dxe6 fxe6 6. cxb5 Bb7 7. Nbd2 Be7 8.
Qc2 Qa5 9. e3 a6 10. b4 Qxb4 11. Rb1 Qa5 12. Bd3 axb5 13. Rxb5 Qc7 14. Bb2 Ba6
15. Be5 d6 16. Bxf6 Bxf6 17. Rb1 Bxd3 18. Qxd3 d5 19. O-O O-O 20. Rfc1 Rxa2 21.
e4 Rd8 22. exd5 exd5 23. Qe3 c4 24. Rb5 Qd7 25. Rcb1 Ra1 26. Rxa1 Bxa1 27. Ng5
Nc6 28. Rb7 Qe8 29. Qh3 h6 30. Ne6 Rd6 31. Nf4 Nd4 32. Qa3 Qe1+ 33. Nf1 Rf6 34.
Qg3 Nf5 35. Qf3 Qe5 36. Nh5 Rg6 37. Nhg3 Nxg3 38. Qf7+ Kh7 39. hxg3 Qf6 40.
Qxd5 Bd4 41. Qf3 Qxf3 42. gxf3 c3 43. Rc7 Re6 44. Ne3 Bxe3 45. fxe3 Rxe3 46.
Kf2 Rd3 47. Ke2 Rd2+ 48. Ke3 Rg2 49. g4 c2 50. Rc6 g6 51. Rc7+ Kg8 52. Kd3 h5
53. Ke4 h4 54. Ke5 Kf8 55. Ke6 Re2+ 56. Kf6 Ke8 57. f4 h3 58. f5 gxf5 0-1

[Event "XXV Festival Conca della Presolana A"]
[Site "Bratto - Castione della Presolana ITA"]
[Date "2005.08.25"]
[Round "6"]
[White "Rorato, Renzo"]
[Black "Simonini, Roberto"]
[Result "1/2-1/2"]
[WhiteElo "2120"]
[BlackElo "2065"]
[PlyCount "58"]
[EventDate "2005.08.20"]

1. Nf3 d5 2. c4 c6 3. e3 Nf6 4. Qc2 g6 5. b3 Bg7 6. Bb2 O-O 7. d3 Re8 8. Nbd2
Nbd7 9. cxd5 cxd5 10. Be2 b6 11. O-O Ba6 12. Rac1 Rc8 13. Qb1 e5 14. Rxc8 Qxc8
15. Rc1 Qb8 16. Bf1 Bb7 17. h3 h6 18. Qc2 Rc8 19. Qd1 Ne8 20. d4 e4 21. Ne1 f5
22. g3 Nef6 23. Ba3 g5 24. Ng2 Nf8 25. Be2 Ne6 26. Nf1 Rc6 27. Rxc6 Bxc6 28. h4
Bd7 29. Bc1 Qc7 1/2-1/2

[Event "XXV Festival Conca della Presolana A"]
[Site "Bratto - Castione della Presolana ITA"]
[Date "2005.08.25"]
[Round "6"]
[White "Rosin, Federico"]
[Black "Manzoni, Alessandro"]
[Result "1-0"]
[WhiteElo "2127"]
[BlackElo "2086"]
[PlyCount "89"]
[EventDate "2005.08.20"]

1. e4 d6 2. d4 Nf6 3. Nc3 g6 4. Be3 c6 5. Bd3 Bg7 6. Qd2 Ng4 7. Nf3 Nxe3 8.
fxe3 Qa5 9. O-O Qc7 10. Ne2 O-O 11. c3 b6 12. Bc2 Ba6 13. Bb3 e6 14. Rf2 c5 15.
Raf1 Qe7 16. h4 h6 17. g4 Nd7 18. g5 h5 19. Rd1 Rad8 20. Nf4 c4 21. Bc2 Bb7 22.
Bb1 b5 23. Re1 Nb6 24. d5 e5 25. Ne2 Bc8 26. Kh2 Nd7 27. Ng3 Nc5 28. Ref1 Qd7
29. Ng1 Qg4 30. Nf5 gxf5 31. exf5 Ne4 32. Bxe4 Qxe4 33. Nh3 Bb7 34. f6 Bh8 35.
Qd1 Bxd5 36. Qxh5 Qg6 37. Qe2 Qd3 38. Qh5 Qg6 39. Qd1 Qd3 40. Rd2 Qxe3 41. Rxd5
Qb6 42. Qh5 Qc7 43. Rg1 Rfe8 44. g6 Bxf6 45. gxf7+ 1-0

[Event "XXV Festival Conca della Presolana A"]
[Site "Bratto - Castione della Presolana ITA"]
[Date "2005.08.25"]
[Round "6"]
[White "Salami, Marco"]
[Black "Bartolozzi, Roberto"]
[Result "1-0"]
[WhiteElo "2221"]
[BlackElo "2126"]
[PlyCount "97"]
[EventDate "2005.08.20"]

1. e4 e6 2. d3 d5 3. Nd2 c5 4. Ngf3 Nc6 5. g3 Bd6 6. Bg2 Nge7 7. O-O O-O 8. Re1
f5 9. e5 Bc7 10. Nb3 b6 11. c3 Bd7 12. d4 c4 13. Nbd2 b5 14. Nf1 b4 15. Bd2 a5
16. h4 Rb8 17. Ng5 a4 18. h5 Kh8 19. Nh3 Qe8 20. Nf4 bxc3 21. bxc3 Rb2 22. Bc1
Rb7 23. Nh2 Ba5 24. Re3 Qb8 25. Ba3 Qe8 26. Nf3 Na7 27. Rc1 Nb5 28. Bc5 Nc7 29.
Ng5 Rb2 30. Re2 Rxe2 31. Qxe2 Nb5 32. Ngxe6 Bxe6 33. Nxe6 Nxc3 34. Rxc3 Bxc3
35. Nxf8 Qxf8 36. Qc2 Ba5 37. Qxa4 Bd8 38. Bxd5 c3 39. Bb3 f4 40. g4 g6 41. h6
f3 42. Qd7 c2 43. Bxc2 Qf4 44. Qxd8+ Ng8 45. Qf8 Qxg4+ 46. Kf1 Qg2+ 47. Ke1
Qg1+ 48. Kd2 Qxf2+ 49. Kc3 1-0

[Event "XXV Festival Conca della Presolana A"]
[Site "Bratto - Castione della Presolana ITA"]
[Date "2005.08.25"]
[Round "6"]
[White "Salvador, Roland"]
[Black "Lalic, Bogdan"]
[Result "1/2-1/2"]
[WhiteElo "2416"]
[BlackElo "2491"]
[PlyCount "61"]
[EventDate "2005.08.20"]

1. d4 Nf6 2. Nf3 e6 3. c4 b6 4. g3 Bb7 5. Bg2 Be7 6. O-O O-O 7. Nc3 Ne4 8. Bd2
f5 9. Rc1 Bf6 10. d5 Na6 11. Ne1 Nac5 12. Nxe4 Nxe4 13. Bb4 Re8 14. f3 Nc5 15.
e4 exd5 16. Bxc5 bxc5 17. cxd5 d6 18. Nd3 a5 19. Kh1 Ba6 20. b3 Bd4 21. Re1 Qf6
22. Qd2 a4 23. Nf4 axb3 24. axb3 Bb2 25. Rc2 Ba3 26. Rd1 Bb4 27. Qc1 Bb5 28.
Ne6 fxe4 29. fxe4 Ra7 30. Qe3 Qe5 31. Rf2 1/2-1/2

[Event "XXV Festival Conca della Presolana A"]
[Site "Bratto - Castione della Presolana ITA"]
[Date "2005.08.25"]
[Round "6"]
[White "Sautto, Daniele"]
[Black "Temi, Walter"]
[Result "1-0"]
[WhiteElo "2136"]
[BlackElo "2092"]
[PlyCount "67"]
[EventDate "2005.08.20"]

1. e4 b6 2. d4 Bb7 3. Nd2 g6 4. Ngf3 Bg7 5. Bd3 c5 6. c3 d6 7. O-O cxd4 8. cxd4
Nf6 9. Re1 O-O 10. Nf1 Nc6 11. Bd2 Nd7 12. Bc3 Rc8 13. Ne3 e6 14. Bb5 a6 15.
Bxc6 Bxc6 16. d5 Bxc3 17. dxc6 Bxe1 18. cxd7 Bxf2+ 19. Kxf2 Qxd7 20. Qd4 Qb5
21. Qf6 h5 22. Rd1 Qb4 23. e5 Qxb2+ 24. Rd2 Qc3 25. Rxd6 Qb2+ 26. Rd2 Qb4 27.
Qg5 Rfe8 28. Rd7 Qb5 29. Rd6 Rc6 30. Rd4 Rc1 31. Rf4 Qb2+ 32. Kg3 Rf8 33. Qh6
h4+ 34. Rxh4 1-0

[Event "XXV Festival Conca della Presolana A"]
[Site "Bratto - Castione della Presolana ITA"]
[Date "2005.08.25"]
[Round "6"]
[White "Sbarra, Marco"]
[Black "Vocaturo, Daniele"]
[Result "0-1"]
[WhiteElo "2266"]
[BlackElo "2372"]
[PlyCount "48"]
[EventDate "2005.08.20"]

1. d4 Nf6 2. c4 g6 3. Nc3 Bg7 4. e4 d6 5. Nf3 O-O 6. Be2 e5 7. d5 a5 8. Bg5 h6
9. Bh4 Na6 10. Nd2 Bd7 11. O-O Qe8 12. b3 Nh7 13. f3 h5 14. a3 Bf6 15. Bf2 Qe7
16. Rb1 Bh4 17. Qe1 Bxf2+ 18. Qxf2 Qg5 19. Bd3 h4 20. b4 Nf6 21. c5 axb4 22.
axb4 Nh5 23. Bxa6 Rxa6 24. Kh1 Ng3+ 0-1

[Event "XXV Festival Conca della Presolana A"]
[Site "Bratto - Castione della Presolana ITA"]
[Date "2005.08.25"]
[Round "6"]
[White "Tagliagambe, Stefano"]
[Black "Vaccari, Sergio"]
[Result "1/2-1/2"]
[WhiteElo "2055"]
[BlackElo "2063"]
[PlyCount "72"]
[EventDate "2005.08.20"]

1. Nf3 d5 2. c4 c6 3. g3 Nf6 4. Bg2 e6 5. O-O Bd6 6. d4 O-O 7. b3 Nbd7 8. Nbd2
Re8 9. Bb2 Ne4 10. Qc2 f5 11. Ne5 Qf6 12. Ndf3 Nf8 13. Ne1 Bd7 14. f3 Ng5 15.
e4 dxe4 16. fxe4 Bxe5 17. dxe5 Qe7 18. exf5 Qc5+ 19. Kh1 exf5 20. Nd3 Qe7 21.
Rae1 Be6 22. Nf4 g6 23. Qc3 Red8 24. Rd1 Nf7 25. c5 Rxd1 26. Rxd1 Rd8 27. Rd6
g5 28. Nh5 Ng6 29. Nf6+ Kh8 30. Qd4 Kg7 31. Qd2 h6 32. h3 Kf8 33. Nh7+ Kg8 34.
Nf6+ Kf8 35. Nh7+ Kg8 36. Nf6+ Kf8 1/2-1/2

[Event "XXV Festival Conca della Presolana A"]
[Site "Bratto - Castione della Presolana ITA"]
[Date "2005.08.25"]
[Round "6"]
[White "Tencati, Giuseppe"]
[Black "Ranieri, Fabrizio"]
[Result "0-1"]
[WhiteElo "2109"]
[BlackElo "2204"]
[PlyCount "60"]
[EventDate "2005.08.20"]

1. d4 e6 2. c4 f5 3. Nc3 Nf6 4. g3 Be7 5. Bg2 O-O 6. f4 d5 7. Qb3 c6 8. Nf3 Qe8
9. Be3 Nbd7 10. Ne5 Nxe5 11. dxe5 Nd7 12. cxd5 exd5 13. Rd1 Kh8 14. Qc2 Nb6 15.
b3 Be6 16. a4 Nd7 17. O-O Nc5 18. Bd4 Ne4 19. Rb1 a5 20. Rfd1 Qf7 21. Bf1 g5
22. e3 Rg8 23. Nxe4 fxe4 24. Kh1 Rg7 25. Rb2 Rag8 26. Qf2 c5 27. Bc3 gxf4 28.
gxf4 d4 29. exd4 e3 30. Qxe3 Qxf4 0-1

[Event "XXV Festival Conca della Presolana A"]
[Site "Bratto - Castione della Presolana ITA"]
[Date "2005.08.25"]
[Round "6"]
[White "Vancini, Edoardo"]
[Black "Sedina, Elena"]
[Result "0-1"]
[WhiteElo "2282"]
[BlackElo "2402"]
[PlyCount "60"]
[EventDate "2005.08.20"]

1. e4 e6 2. d4 d5 3. Nd2 c5 4. exd5 exd5 5. Ngf3 Nc6 6. Bb5 Bd6 7. dxc5 Bxc5 8.
O-O Nge7 9. Nb3 Bd6 10. Re1 O-O 11. Bg5 Bg4 12. Bh4 Re8 13. Bg3 Bxg3 14. hxg3
Qb6 15. a4 h5 16. Qd2 Bxf3 17. gxf3 a6 18. Bxc6 Qxc6 19. Re5 h4 20. Rae1 Ng6
21. Rxe8+ Rxe8 22. Rxe8+ Qxe8 23. a5 hxg3 24. fxg3 Qe5 25. f4 Qxb2 26. Qxd5
Qb1+ 27. Kf2 Qxc2+ 28. Kf3 Ne7 29. Qxb7 Nf5 30. Kg4 Ne3+ 0-1

[Event "XXV Festival Conca della Presolana A"]
[Site "Bratto - Castione della Presolana ITA"]
[Date "2005.08.25"]
[Round "6"]
[White "Vezzosi, Paolo"]
[Black "Bresciani, Nicola"]
[Result "1/2-1/2"]
[WhiteElo "2380"]
[BlackElo "2289"]
[PlyCount "38"]
[EventDate "2005.08.20"]

1. d4 Nf6 2. Nf3 e6 3. e3 b6 4. Bd3 Bb7 5. O-O d5 6. Ne5 Bd6 7. b3 Nbd7 8. Bb2
O-O 9. Nd2 c5 10. f4 cxd4 11. exd4 Ne4 12. Bxe4 dxe4 13. Ndc4 Be7 14. Ne3 f5
15. Qe2 Nxe5 16. dxe5 Qc7 17. Rfd1 Rfd8 18. Bd4 Rd7 19. c3 Rad8 1/2-1/2

[Event "XXV Festival Conca della Presolana A"]
[Site "Bratto - Castione della Presolana ITA"]
[Date "2005.08.25"]
[Round "6"]
[White "Vinciguerra, Marco"]
[Black "Marzano, Carlo"]
[Result "0-1"]
[WhiteElo "2096"]
[BlackElo "2201"]
[PlyCount "76"]
[EventDate "2005.08.20"]

1. Nf3 Nc6 2. d4 d6 3. g3 e5 4. Bg2 g6 5. Bg5 f6 6. d5 fxg5 7. dxc6 bxc6 8.
Nxg5 d5 9. Nh3 Bg7 10. e4 Nf6 11. Nc3 d4 12. Na4 O-O 13. Nc5 Qe7 14. b4 Nd7 15.
Nd3 c5 16. c3 cxb4 17. Qb3+ Kh8 18. Nxb4 Nc5 19. Qc2 a5 20. Nd5 Qd6 21. O-O d3
22. Qd2 Ba6 23. Rab1 Rab8 24. Ng5 Kg8 25. a3 h6 26. Nh3 Kh7 27. f4 Nb3 28. Qd1
a4 29. fxe5 Bxe5 30. Nhf4 c6 31. Nb4 Bb5 32. Nbxd3 Bxc3 33. Qe2 Qd4+ 34. Kh1
Nd2 35. Ne6 Rxf1+ 36. Rxf1 Qxd3 37. Rf7+ Kg8 38. Rg7+ Bxg7 0-1

[Event "XXV Festival Conca della Presolana A"]
[Site "Bratto - Castione della Presolana ITA"]
[Date "2005.08.25"]
[Round "6"]
[White "Vinzoni, Andrea"]
[Black "Femiano, Andrea"]
[Result "1/2-1/2"]
[WhiteElo "2108"]
[BlackElo "2177"]
[PlyCount "63"]
[EventDate "2005.08.20"]

1. d4 c5 2. d5 e5 3. e4 d6 4. Nc3 g6 5. f4 exf4 6. Bxf4 Bh6 7. Qd2 Qh4+ 8. g3
Bxf4 9. Qxf4 Qf6 10. Bh3 Qxf4 11. gxf4 Bxh3 12. Nxh3 Nd7 13. O-O a6 14. Ng5 Nh6
15. Rfe1 f6 16. Ne6 Ke7 17. a4 Nf7 18. a5 Rag8 19. Na4 g5 20. f5 Nfe5 21. Re3
Nc4 22. Rh3 h5 23. Nb6 Nxa5 24. Nxd7 Kxd7 25. e5 fxe5 26. f6 Ke8 27. f7+ Kxf7
28. Rf3+ Ke7 29. Raf1 Rh7 30. Nf8 Rhg7 31. Ne6 Rh7 32. Nf8 1/2-1/2

[Event "XXV Festival Conca della Presolana A"]
[Site "Bratto - Castione della Presolana ITA"]
[Date "2005.08.25"]
[Round "6"]
[White "Xia, Jie"]
[Black "Castelfranchi, Carlo"]
[Result "1/2-1/2"]
[WhiteElo "2121"]
[BlackElo "2073"]
[PlyCount "93"]
[EventDate "2005.08.20"]

1. e4 Nf6 2. e5 Nd5 3. d4 d6 4. Nf3 Bg4 5. Be2 e6 6. O-O Be7 7. b3 O-O 8. c4
Nb6 9. Bb2 d5 10. Nbd2 Nc6 11. Re1 Bf5 12. a3 a5 13. Nf1 dxc4 14. bxc4 a4 15.
Bd3 Bxd3 16. Qxd3 Na5 17. Ne3 c6 18. Rad1 Qc7 19. Nd2 Rfd8 20. Qe4 Nb3 21. Nf3
Rd7 22. Qg4 Rad8 23. h4 h6 24. g3 Bf8 25. Kg2 Na5 26. c5 Nd5 27. Nd2 Nxe3+ 28.
fxe3 Kh8 29. Rh1 Bxc5 30. Ne4 Nc4 31. Bc1 Bxa3 32. Kf2 Bxc1 33. Rxc1 Nxe3 34.
Kxe3 Rxd4 35. Qh5 Qb6 36. Kf4 Qb4 37. Rce1 Qd2+ 38. Kf3 Rd3+ 39. Kg4 Qg2 40.
Qxf7 R8d4 41. Kh5 Rf3 42. Qe8+ Kh7 43. Qg6+ Kg8 44. Qxe6+ Kh7 45. Qg6+ Kg8 46.
Rhf1 Rxf1 47. Qe8+ 1/2-1/2

[Event "XXV Festival Conca della Presolana A"]
[Site "Bratto - Castione della Presolana ITA"]
[Date "2005.08.25"]
[Round "6"]
[White "Zanellato, Lorenzo"]
[Black "D'Apa, Matteo"]
[Result "1/2-1/2"]
[WhiteElo "2087"]
[BlackElo "1995"]
[PlyCount "57"]
[EventDate "2005.08.20"]

1. d4 d5 2. c4 c6 3. Nc3 Nf6 4. e3 e6 5. Nf3 Bd6 6. Qc2 Nbd7 7. Bd3 h6 8. O-O
O-O 9. Rd1 b6 10. cxd5 Nxd5 11. Nxd5 cxd5 12. e4 Bb7 13. e5 Be7 14. Be3 a6 15.
Rac1 Rc8 16. Qe2 b5 17. Qd2 Re8 18. h3 Nf8 19. Nh2 Qb6 20. f4 Rxc1 21. Rxc1 Rc8
22. Rf1 Bc6 23. f5 exf5 24. Bxf5 Bd7 25. Qf2 Bxf5 26. Qxf5 Qe6 27. Qd3 Qg6 28.
Qxg6 Nxg6 29. Rc1 1/2-1/2

[Event "XXV Festival Conca della Presolana A"]
[Site "Bratto - Castione della Presolana ITA"]
[Date "2005.08.26"]
[Round "7"]
[White "Aglietti, Graziano"]
[Black "Xia, Jie"]
[Result "1-0"]
[WhiteElo "2048"]
[BlackElo "2121"]
[PlyCount "51"]
[EventDate "2005.08.20"]

1. e4 c5 2. Nc3 e6 3. f4 Nc6 4. Nf3 g6 5. Bb5 Nge7 6. O-O Bg7 7. Bxc6 Nxc6 8.
d3 O-O 9. Qe1 Nd4 10. Nxd4 cxd4 11. Ne2 d6 12. Qf2 Qb6 13. e5 dxe5 14. fxe5 Bd7
15. Bg5 Qc5 16. Bf6 Qxc2 17. Bxg7 Kxg7 18. Qf6+ Kg8 19. Nf4 Qd2 20. Rf3 Rac8
21. h4 Rc2 22. h5 Rfc8 23. h6 Rc1+ 24. Rxc1 Qxc1+ 25. Kh2 Kf8 26. Nxg6+ 1-0

[Event "XXV Festival Conca della Presolana A"]
[Site "Bratto - Castione della Presolana ITA"]
[Date "2005.08.26"]
[Round "7"]
[White "Agnelli, Francesco"]
[Black "Defend, Guerrino"]
[Result "1-0"]
[WhiteElo "2055"]
[BlackElo "2000"]
[PlyCount "125"]
[EventDate "2005.08.20"]

1. e4 g6 2. d4 Bg7 3. Nc3 c6 4. Be3 d5 5. f3 dxe4 6. fxe4 Qb6 7. Rb1 Nh6 8. h3
f6 9. Qd2 Nf7 10. Nf3 O-O 11. Bc4 Kh8 12. O-O Qd8 13. Rbd1 b6 14. Qe2 Nd6 15.
Bd3 a5 16. e5 Nf5 17. Bf2 Na6 18. g4 Nh6 19. a3 Nc7 20. Bg3 f5 21. g5 Ng8 22.
Qh2 Be6 23. Ne2 Nd5 24. Bf4 Qd7 25. c4 Nxf4 26. Nxf4 Bf7 27. Qg3 e6 28. h4 h5
29. gxh6 Bxh6 30. Nxg6+ Bxg6 31. Qxg6 Rf7 32. Kh1 Rg7 33. Qh5 Rh7 34. Ng5 Bxg5
35. Qxg5 Rf8 36. Be2 Rff7 37. Bf3 Rfg7 38. Qf4 Qe7 39. h5 Nh6 40. Rg1 Ng4 41.
Bxg4 Qh4+ 42. Qh2 Qxh2+ 43. Kxh2 fxg4 44. Kg3 Rxh5 45. Rh1 Rhh7 46. Rdf1 Rh3+
47. Rxh3+ gxh3+ 48. Kxh3 Rh7+ 49. Kg3 Kg8 50. Rf6 Re7 51. Kf4 Kg7 52. a4 b5 53.
axb5 cxb5 54. cxb5 Rb7 55. Rxe6 Rxb5 56. Ra6 Kf7 57. Ke4 Ke7 58. d5 Rxb2 59.
Ra7+ Ke8 60. d6 Rb4+ 61. Kd5 Rb5+ 62. Ke6 Rb8 63. Rh7 1-0

[Event "XXV Festival Conca della Presolana A"]
[Site "Bratto - Castione della Presolana ITA"]
[Date "2005.08.26"]
[Round "7"]
[White "Andreoli, Renato"]
[Black "Cardini, Saverio"]
[Result "1/2-1/2"]
[WhiteElo "2154"]
[BlackElo "2010"]
[PlyCount "88"]
[EventDate "2005.08.20"]

1. Nf3 d5 2. g3 Nf6 3. Bg2 e6 4. O-O Be7 5. c4 O-O 6. d4 c6 7. Qc2 Nbd7 8. b3
Qc7 9. Bf4 Bd6 10. Bxd6 Qxd6 11. Nc3 b6 12. e4 Nxe4 13. Nxe4 dxe4 14. Qxe4 Bb7
15. Rfd1 Rad8 16. Ne5 Nxe5 17. Qxe5 Qd7 18. Bf3 Rfe8 19. c5 Re7 20. b4 b5 21.
a4 a6 22. Qe4 Qc7 23. axb5 axb5 24. Qe5 Qc8 25. h4 h6 26. Kg2 Red7 27. g4 Qc7
28. Qxc7 Rxc7 29. Ra7 Rcd7 30. Rda1 Kf8 31. R1a5 Ke7 32. Kf1 Rc8 33. Ke2 Rcd8
34. Ke3 f6 35. Be4 g5 36. hxg5 hxg5 37. Ra1 Rh8 38. Rh1 Rxh1 39. Bxh1 f5 40.
Bf3 f4+ 41. Ke4 Kf6 42. Ra1 Rh7 43. Ra7 Rd7 44. Ra3 Re7 1/2-1/2

[Event "XXV Festival Conca della Presolana A"]
[Site "Bratto - Castione della Presolana ITA"]
[Date "2005.08.26"]
[Round "7"]
[White "Ardaman, Miles"]
[Black "Contin, Daniel"]
[Result "1-0"]
[WhiteElo "2308"]
[BlackElo "2393"]
[PlyCount "95"]
[EventDate "2005.08.20"]

1. b3 c5 2. Bb2 b6 3. e3 Bb7 4. f4 d6 5. Nf3 Nd7 6. a4 a6 7. Na3 Ngf6 8. Be2 g6
9. O-O Bg7 10. Qe1 Qc7 11. d3 d5 12. Ne5 O-O 13. Bf3 Ne8 14. d4 Nd6 15. c4 dxc4
16. Bxb7 Qxb7 17. bxc4 Nf6 18. Rb1 Qc7 19. Qe2 Nfe4 20. Rfd1 f6 21. Nd3 Qc6 22.
Qc2 e6 23. Qb3 Rab8 24. Ba1 Rb7 25. Ne1 Re8 26. d5 Qc8 27. dxe6 Qxe6 28. Rd5 h5
29. Qd3 Kh7 30. Rd1 Nf5 31. Nac2 Qc6 32. Qe2 Ned6 33. g4 hxg4 34. Qxg4 Nxc4 35.
e4 Rxe4 36. Rxf5 gxf5 37. Qh5+ Bh6 38. Qxf5+ Kg7 39. Ng2 Re8 40. Nh4 Rg8 41.
Kf2 Bxf4 42. Qg6+ Kh8 43. Bxf6+ Qxf6 44. Qxf6+ Rgg7 45. Rd8+ Kh7 46. Qf5+ Kh6
47. Rh8+ Rh7 48. Qg6# 1-0

[Event "XXV Festival Conca della Presolana A"]
[Site "Bratto - Castione della Presolana ITA"]
[Date "2005.08.26"]
[Round "7"]
[White "Astengo, Corrado"]
[Black "Cardili, Mariano"]
[Result "0-1"]
[WhiteElo "2129"]
[BlackElo "2076"]
[PlyCount "86"]
[EventDate "2005.08.20"]

1. e4 c6 2. d4 d5 3. Nd2 dxe4 4. Nxe4 Bf5 5. Ng3 Bg6 6. h4 h6 7. Nf3 Nd7 8. h5
Bh7 9. Bd3 Bxd3 10. Qxd3 e6 11. Bd2 Ngf6 12. Qe2 Be7 13. c4 O-O 14. O-O-O b5
15. Ne5 Qc7 16. Ng6 Rfe8 17. Nxe7+ Rxe7 18. c5 Nd5 19. Qf3 a5 20. Ne4 a4 21.
Nd6 a3 22. b3 Qa7 23. Kb1 b4 24. Rh3 f5 25. g4 fxg4 26. Qxg4 Rf8 27. Rf3 Rxf3
28. Qxf3 Qb8 29. Rg1 Qf8 30. Qg3 Kh8 31. f4 N7f6 32. Qg6 Ne8 33. Nxe8 Rxe8 34.
Re1 Rd8 35. Qxe6 Nxf4 36. Qe4 Nd5 37. Qe5 Qf2 38. Re2 Qf1+ 39. Re1 Qd3+ 40. Kc1
Nc3 41. Bxc3 Qxc3+ 42. Kd1 Rxd4+ 43. Ke2 Rd2+ 0-1

[Event "XXV Festival Conca della Presolana A"]
[Site "Bratto - Castione della Presolana ITA"]
[Date "2005.08.26"]
[Round "7"]
[White "Atalik, Suat"]
[Black "Khenkin, Igor"]
[Result "1/2-1/2"]
[WhiteElo "2561"]
[BlackElo "2610"]
[PlyCount "29"]
[EventDate "2005.08.20"]

1. d4 d5 2. c4 e6 3. Nc3 c6 4. e4 dxe4 5. Nxe4 Bb4+ 6. Bd2 Qxd4 7. Bxb4 Qxe4+
8. Ne2 Na6 9. Bf8 Ne7 10. Bxg7 Rg8 11. Qd4 Qxd4 12. Bxd4 c5 13. Bc3 Nb4 14.
Bxb4 cxb4 15. Nd4 1/2-1/2

[Event "XXV Festival Conca della Presolana A"]
[Site "Bratto - Castione della Presolana ITA"]
[Date "2005.08.26"]
[Round "7"]
[White "Baldazzi, Stefano"]
[Black "Rombaldoni, Denis"]
[Result "0-1"]
[WhiteElo "2165"]
[BlackElo "2327"]
[PlyCount "62"]
[EventDate "2005.08.20"]

1. c4 c6 2. g3 d5 3. Bg2 Nf6 4. Nf3 dxc4 5. a4 Be6 6. Na3 g6 7. Qc2 Qd5 8. O-O
Bg7 9. Ne1 Qd4 10. e3 Qc5 11. Nd3 Qf5 12. Nxc4 Nbd7 13. Na3 O-O 14. f3 Rfd8 15.
e4 Qa5 16. Kh1 Qb6 17. Nc4 Qd4 18. Ne3 Bh6 19. Re1 c5 20. Nf4 Bxf4 21. gxf4 Nh5
22. f5 gxf5 23. exf5 Qh4 24. Rf1 Ne5 25. fxe6 Ng3+ 26. Kg1 Ne2+ 27. Kh1 Nd3 28.
exf7+ Kf8 29. Nd1 Rd6 30. h3 Nef4 31. Ne3 Rg6 0-1

[Event "XXV Festival Conca della Presolana A"]
[Site "Bratto - Castione della Presolana ITA"]
[Date "2005.08.26"]
[Round "7"]
[White "Bartolozzi, Roberto"]
[Black "Pegoraro, Nicola"]
[Result "1-0"]
[WhiteElo "2126"]
[BlackElo "2085"]
[PlyCount "74"]
[EventDate "2005.08.20"]

1. Nf3 d6 2. d4 f5 3. g3 Nf6 4. Bg2 g6 5. c4 Bg7 6. b3 O-O 7. Bb2 Na6 8. O-O c6
9. Nbd2 Re8 10. Rc1 Rb8 11. Qc2 c5 12. dxc5 Nxc5 13. b4 Na6 14. a3 e5 15. e3 b6
16. Rfd1 Bb7 17. Qb3 Kh8 18. Ng5 Qe7 19. c5 Bxg2 20. Kxg2 d5 21. Bxe5 bxc5 22.
Bxb8 Rxb8 23. Qa4 Rb6 24. bxc5 Nxc5 25. Qh4 h6 26. Rb1 Nfd7 27. Rxb6 axb6 28.
Ngf3 g5 29. Qb4 Qf7 30. Nb3 Ne4 31. Nbd4 Bf8 32. Qb2 Bg7 33. Qb4 Bf8 34. Qb3 g4
35. Nh4 Nd6 36. Qb1 Ne4 37. Ndxf5 Bxa3 1-0

[Event "XXV Festival Conca della Presolana A"]
[Site "Bratto - Castione della Presolana ITA"]
[Date "2005.08.26"]
[Round "7"]
[White "Bellia, Fabrizio"]
[Black "Brancaleoni, Maurizio"]
[Result "1/2-1/2"]
[WhiteElo "2375"]
[BlackElo "2314"]
[PlyCount "32"]
[EventDate "2005.08.20"]

1. e4 d6 2. d4 Nf6 3. Nc3 e5 4. Nf3 Nbd7 5. Bc4 Be7 6. O-O O-O 7. a4 c6 8. Re1
b6 9. b3 a6 10. Bb2 Bb7 11. Bd3 Re8 12. Ne2 Bf8 13. Ng3 Qc7 14. c4 a5 15. Rc1
Rad8 16. h3 g6 1/2-1/2

[Event "XXV Festival Conca della Presolana A"]
[Site "Bratto - Castione della Presolana ITA"]
[Date "2005.08.26"]
[Round "7"]
[White "Bentivegna, Francesco"]
[Black "Mosca, Leonildo"]
[Result "1/2-1/2"]
[WhiteElo "2225"]
[BlackElo "2115"]
[PlyCount "64"]
[EventDate "2005.08.20"]

1. e4 Nf6 2. e5 Nd5 3. Nc3 Nxc3 4. bxc3 d5 5. d4 Bf5 6. Rb1 Qc8 7. Nf3 e6 8. c4
c6 9. Nh4 Be4 10. f3 Bg6 11. Nxg6 hxg6 12. f4 Be7 13. Qf3 Nd7 14. Qb3 Rb8 15.
cxd5 cxd5 16. c4 dxc4 17. Bxc4 Bh4+ 18. Kf1 O-O 19. g3 Be7 20. Kg2 Nb6 21. Be2
Rd8 22. Rd1 Nd5 23. Bd2 b5 24. Ba5 Rd7 25. Rdc1 Qb7 26. Qf3 Qa6 27. Be1 Qxa2
28. Ra1 Qb2 29. Qf2 b4 30. Rcb1 Qc2 31. Rc1 Qf5 32. Qf3 g5 1/2-1/2